000 00821nam a2200253 a 4500
001 54584
003 BD-RjUL
005 20211209080136.0
008 161108s1957 enk b 001 0 eng
020 _a0313212589
035 _a(BD-RjUL)54706
040 _aDLC
_cDLC
_dDLC
_dBD-RjUL
_beng
041 _aeng
082 0 0 _a823.912
_223
_bMAJ 1957
100 1 _aMagalaner, Marvin
_9162807
245 1 0 _aJoyce, the man, the work, the reputation /
_cMarvin Magalaner and Richard M. Kain.
260 _aLondon :
_bJohn calder,
_c1957 c1956.
300 _axi, 377 p. ;
_c24 cm.
500 _a
504 _aIncludes Bibliography and index
600 1 0 _aJoyce, James,
_d1882-1941
_xCriticism and interpretation.
_9162810
700 1 _aKain, Richard M.
_q(Richard Morgan),
_d1908-1990,
_ejoint author.
_9162809
942 _2ddc
_cBK
999 _c54584
_d54584